000
00217nam a2200085Ia 4500
008
170617s9999 xx 000 0 und d
100
_a
MITHAL- B. M.
245
0
_a
A. T. .B. OF PHARMACEUTICAL FORMULATION
260
_b
DELHI- VALLABH
260
_c
2011
999
_c
15540
_d
15540